[Event "Asuncion Estandar op"]
[Site "Asuncion"]
[Date "2019.01.20"]
[Round "5"]
[White "Ruiz Diaz, Jorge"]
[Black "Brizuela, Jose Rodrigo"]
[Result "1-0"]
[WhiteElo "1704"]
[BlackElo "1663"]
[PlyCount "73"]
[EventDate "2019.01.18"]
[EventType "swiss"]
[EventRounds "7"]
[EventCountry "PAR"]
[SourceTitle "CBM 188 Extra"]
[Source "ChessBase"]
[SourceDate "2019.02.28"]
[SourceVersion "1"]
[SourceVersionDate "2019.02.28"]
[SourceQuality "1"]

1. d4 d5 2. c4 c6 3. e3 Bf5 4. Nc3 e6 5. cxd5 cxd5 6. Bb5+ Nc6 7. Qa4 Nge7 8. Nf3 a6 9. Bxc6+ Nxc6 10. Ne5 Qc8 11. Nxc6 bxc6 12. 0-0 Bd6 13. a3 Qc7 14. f4 0-0 15. Bd2 h6 16. Rac1 c5 17. dxc5 Bxc5 18. b4 d4 19. Ne2 dxe3 20. Rxc5 Qd8 21. Bxe3 Qd3 22. Re5 Be4 23. Bf2 Qxe2 24. Re1 Qd2 25. R5xe4 Rad8 26. h3 Qb2 27. R4e2 Qf6 28. g3 Kh7 29. Qc2+ Kh8 30. h4 g5 31. Qb2 Qxb2 32. Rxb2 gxh4 33. gxh4 Rg8+ 34. Kh2 Rg4 35. Rb3 Rd2 36. Kh3 f5 37. Bg3 1-0

[Event "Asuncion IRT op "]
[Site "Asuncion"]
[Date "2015.02.21"]
[Round "3"]
[White "Brizuela, Jose Rodrigo"]
[Black "Alarcon, Jose"]
[Result "0-1"]
[WhiteElo "1637"]
[BlackElo "1932"]
[PlyCount "56"]
[EventDate "2015.02.20"]
[EventType "swiss"]
[EventRounds "9"]
[EventCountry "PAR"]
[SourceTitle "EXT 2017"]
[Source "ChessBase"]
[SourceDate "2016.10.25"]
[SourceVersion "1"]
[SourceVersionDate "2016.10.25"]
[SourceQuality "1"]

1. e4 c5 2. Nf3 Nc6 3. a3 g6 4. Bc4 Bg7 5. c3 Nf6 6. e5 Ng4 7. Bxf7+ Kxf7 8. Ng5+ Ke8 9. Qxg4 Nxe5 10. Qe2 c4 11. 0-0 d5 12. d4 cxd3 13. Qe1 h6 14. Bf4 d2 15. Nxd2 Nd3 16. Qb1 Nxf4 17. Ngf3 Bf5 18. Qd1 Kf8 19. Re1 Bf6 20. Nb3 Kg7 21. Nbd4 Qd7 22. h3 Bxh3 23. g3 Qg4 24. Kh2 Bg2 25. Ng1 h5 26. Ne6+ Nxe6 27. Qxg4 hxg4+ 28. Kxg2 Ng5 0-1